A dignity economy / (Record no. 16041)
[ view plain ]
| 000 -LEADER | |
|---|---|
| fixed length control field | 01562nam a2200205 a 4500 |
| 001 - CONTROL NUMBER | |
| control field | ASIN1937570037 |
| 005 - DATE AND TIME OF LATEST TRANSACTION | |
| control field | 20170105102931.0 |
| 008 - FIXED-LENGTH DATA ELEMENTS--GENERAL INFORMATION | |
| fixed length control field | 140224s2011 xxu eng d |
| 020 ## - INTERNATIONAL STANDARD BOOK NUMBER | |
| International Standard Book Number | 1937570037 (paperback) |
| Terms of availability | $28.00 |
| 020 ## - INTERNATIONAL STANDARD BOOK NUMBER | |
| International Standard Book Number | 9781937570033 (paperback) |
| 040 ## - CATALOGING SOURCE | |
| Original cataloging agency | 0 |
| 082 ## - DEWEY DECIMAL CLASSIFICATION NUMBER | |
| Classification number | 331.013 |
| Author Mark | LIN 2012 |
| 100 1# - MAIN ENTRY--PERSONAL NAME | |
| Personal name | Lindner, Evelin G. |
| 245 12 - TITLE STATEMENT | |
| Title | A dignity economy / |
| Statement of responsibility, etc. | Evelin G. Lindner. |
| 260 ## - PUBLICATION, DISTRIBUTION, ETC. | |
| Place of publication, distribution, etc. | [S.l.] : |
| Name of publisher, distributor, etc. | Dignity Press, |
| Date of publication, distribution, etc. | 2011. |
| 300 ## - PHYSICAL DESCRIPTION | |
| Extent | 460 p. ; |
| Dimensions | 23 cm. |
| 520 ## - SUMMARY, ETC. | |
| Summary, etc. | The economic crisis has many labels ranging from "subprime crisis" to "credit crunch," to "financial tsunami" or "economic Armageddon. Around the world, people are coming to a single diagnosis: "Something is deeply unhealthy in our world." This book advocates a deep paradigm shift, not just from one rigid paradigm to another rigid paradigm, but away from rigidity altogether. Away from massive institutions toward a global movement that is co-created by people and their enthusiastic energy. We need a dignity revolution, and not just in Tunisia or Egypt. Now we need a global dignity revolution, a world dignity movement, a movement that creates inclusion, both locally and globally. This book by the author of award winning books "Making Enemies - Humiliation and International Conflict", "Emotion and Conflict", as well as "Gender, Humiliation, and Global Security" provides an overview about the plurality of concepts and movements aimed at this. |
| 856 40 - ELECTRONIC LOCATION AND ACCESS | |
| Materials specified | Amazon.com |
| Uniform Resource Identifier | <a href="http://www.amazon.com/exec/obidos/ASIN/1937570037/chopaconline-20">http://www.amazon.com/exec/obidos/ASIN/1937570037/chopaconline-20</a> |
| 942 ## - ADDED ENTRY ELEMENTS (KOHA) | |
| Source of classification or shelving scheme | |
| Koha item type | Book |
| Withdrawn status | Lost status | Damaged status | Not for loan | Collection code | Permanent Location | Current Location | Shelving location | Date acquired | Total Checkouts | Full call number | Barcode | Date last seen | Price effective from | Koha item type |
|---|---|---|---|---|---|---|---|---|---|---|---|---|---|---|
| Centre for International Peace & Stability (CIPS) | Centre for International Peace & Stability (CIPS) | General Stacks | 10/25/2013 | 331.013 LIN 2012 | CIPSD0000008 | 02/24/2014 | 02/24/2014 | Book |
